Statystyki dla Państwa o najwyższych opadach

Kliknij tutaj aby rozwiązać quiz!

Ogólne statystyki

  • Ten quiz został rozwiązany 4 942 razy
    (1 660 od ostatniego zresetowania)
  • Średni wynik to 13 z 20

Statystyki odpowiedzi

OpadyRegionKraj% Poprawnych
265,7 cmAzjaIndonezja
86%
306,2 cmOceaniaPapua-Nowa Gwinea
84%
294,4 cmAzjaMalezja
74%
251,0 cmAmeryka
Środkowa
Panama
73%
263,1 cmOceaniaWyspy Marshalla
72%
331,0 cmOceaniaPalau
71%
281,8 cmOceaniaVanuatu
71%
252,4 cmAmeryka
Południowa
Kolumbia
70%
371,6 cmOceaniaMikronezja
70%
246,1 cmOceaniaNauru
70%
300,6 cmOceaniaTuvalu
70%
315,2 cmOceaniaWyspy Salomona
70%
258,5 cmAzjaFilipiny
65%
286,3 cmAmeryka
Środkowa
Kostaryka
64%
312,9 cmOceaniaSamoa
64%
268,3 cmAzjaSingapur
60%
332,0 cmAzjaBrunei
50%
245,2 cmKaraibySaint Lucia
48%
249,8 cmKaraibySaint Vincent i
Grenadyny
46%
270,8 cmAfrykaSierra Leone
13%

Rozkład punktacji

Percentyl według liczby udzielonych odpowiedzi

Procent ludzi z każdym wynikiem

Twoja historia wyników

Nie rozwiązałeś tego quizu od ostatniego zresetowania